| 000 | 00775nam a22002177a 4500 | ||
|---|---|---|---|
| 001 | 44024 | ||
| 003 | BD-RjUL | ||
| 005 | 20211209053804.0 | ||
| 008 | 160712s1974 bg ||||| |||| 00| 0 ben d | ||
| 035 | _a(BD-RjUL)44142 | ||
| 040 |
_aBD-RjUL _bben _cBD-RjUL |
||
| 041 | _aben | ||
| 082 |
_223 _a297.09 _bALM 1974 |
||
| 100 |
_aআলী, আ. খ. মু. ইয়াকুব _9135227 |
||
| 245 | 1 | 0 |
_aমহানবী ও ইসলাম / _cআ.খ.মু. ইয়াকুব আলী |
| 260 |
_aরাজশাহী : _bরেযা-উর-রহীম, _c১৯৭৪ |
||
| 300 |
_a[১২], ৭৯ পৃ. ; _c২১ সেমি. |
||
| 650 |
_aইসলাম _xইতিহাস _9135228 |
||
| 650 |
_aIslam _xHistory _9135229 |
||
| 942 |
_2ddc _cBK |
||
| 999 |
_c44024 _d44024 |
||